| Tag |
First Indicator |
Second Indicator |
Subfields |
| LEADER |
00000cam a2200000Ia 4500 |
| 001 |
in00002781886 |
| 006 |
m d |
| 007 |
cr cn||||||||| |
| 008 |
120719s2012 inu ob 001 0 eng d |
| 005 |
20250816210530.0 |
| 010 |
|
|
|z 2012024903
|
| 020 |
|
|
|z 9780268038960 (pbk.)
|
| 020 |
|
|
|z 9780268089832 (ebook)
|
| 035 |
|
|
|a (CaPaEBR)ebr10603461
|
| 035 |
|
|
|a (OCoLC)812406730
|
| 040 |
|
|
|a CaPaEBR
|c CaPaEBR
|d UtOrBLW
|
| 050 |
1 |
4 |
|a BX335
|b .P34 2012eb
|
| 082 |
0 |
4 |
|a 261.7
|2 23
|
| 100 |
1 |
|
|a Papanikolaou, Aristotle.
|
| 245 |
1 |
4 |
|a The mystical as political :
|b democracy and non-radical Orthodoxy /
|c by Aristotle Papanikolaou.
|
| 264 |
|
1 |
|a Notre Dame, Ind. :
|b University of Notre Dame Press,
|c [2012]
|
| 264 |
|
4 |
|c ©2012
|
| 300 |
|
|
|a 1 online resource (x, 238 pages)
|
| 336 |
|
|
|a text
|b txt
|2 rdacontent
|
| 337 |
|
|
|a computer
|b c
|2 rdamedia
|
| 338 |
|
|
|a online resource
|b cr
|2 rdacarrier
|
| 504 |
|
|
|a Includes bibliographical references and index.
|
| 500 |
|
|
|a Electronic resource.
|
| 610 |
2 |
0 |
|a Orthodox Eastern Church
|x Doctrines.
|
| 650 |
|
0 |
|a Christianity and politics
|x Orthodox Eastern Church.
|
| 650 |
|
0 |
|a Deification (Christianity)
|
| 650 |
|
0 |
|a Political theology.
|
| 655 |
|
7 |
|a Electronic books.
|2 local
|
| 710 |
2 |
|
|a ebrary, Inc.
|
| 856 |
4 |
0 |
|u https://ebookcentral.proquest.com/lib/tamucs/detail.action?docID=3441108
|y Connect to the full text of this electronic book
|t 0
|
| 980 |
|
|
|a 121106
|b 18.9
|c USD
|e 28.35
|f YBP_EBR0000046136
|g 1
|
| 999 |
f |
f |
|s 3497f204-0790-37d8-8d23-5e833d4b5b56
|i 6e236ecf-7475-34b6-bb76-c008e00fe6fa
|t 0
|
| 999 |
|
|
|a MARS
|
| 952 |
f |
f |
|a Texas A&M University
|b College Station
|c Electronic Resources
|d Available Online
|t 0
|e BX335 .P34 2012eb
|h Library of Congress classification
|
| 998 |
f |
f |
|a BX335 .P34 2012eb
|t 0
|l Available Online
|